Loading...
| Fine Arts - Painting & Sculpture | 0 | 10 | 1 | 4 | 95 | 99 | 127.00 | 0 | 0 |
| Philosophy | 0 | 8 | 2 | 0 | 70 | 69 | 116.75 | 0 | 1 |
| Literature - American Literature | 0 | 6 | 1 | 1 | 55 | 99 | 122.00 | 0 | 0 |
| Social Science | 0 | 5 | 0 | 1 | 50 | 85 | 112.40 | 0 | 1 |
| Fine Arts - Other Fine Arts | 0 | 4 | 0 | 0 | 40 | 81 | 106.25 | 0 | 2 |
| History - World History | 0 | 4 | 1 | 3 | 35 | 123 | 131.75 | 0 | 0 |
| History - American History | 0 | 4 | 1 | 0 | 35 | 87 | 108.75 | 0 | 0 |
| Geography | 0 | 3 | 0 | 1 | 30 | 52 | 106.33 | 0 | 0 |
| Literature - European Literature | 0 | 3 | 0 | 2 | 30 | 141 | 150.67 | 0 | 0 |
| Science - Other Science | 0 | 3 | 0 | 0 | 30 | 78 | 95.33 | 0 | 1 |
| Literature - British Literature | 0 | 3 | 1 | 1 | 25 | 101 | 136.67 | 0 | 0 |
| Religion | 0 | 3 | 1 | 1 | 25 | 62 | 95.00 | 0 | 0 |
| Literature - World Literature | 0 | 2 | 0 | 0 | 20 | 109 | 116.00 | 0 | 0 |
| Fine Arts - Classical Music | 0 | 2 | 0 | 0 | 20 | 135 | 137.50 | 0 | 0 |
| Other Academic | 0 | 2 | 1 | 1 | 15 | 98 | 118.00 | 0 | 0 |
| Mythology | 0 | 1 | 0 | 0 | 10 | 132 | 132.00 | 0 | 0 |
| History - Other History | 0 | 1 | 0 | 0 | 10 | 125 | 125.00 | 0 | 0 |
| Current Events | 0 | 1 | 1 | 0 | 5 | 62 | 62.00 | 0 | 0 |
| History - European History | 0 | 1 | 2 | 0 | 0 | 133 | 133.00 | 0 | 0 |